000 00980nam a22002777a 4500
003 CHAP
005 20220329133653.0
008 971013s1992 r 00010 d
010 _a9281
011 _a10253
035 _a9490
040 _cCHAP
082 _a631.531
_bM4o 1992-93
110 _aMéxico. Dirección General de Política Agrícola
_977030
245 _aVariedades recomendadas de los principales cultivos con indicaciones para las épocas de siembra y cosecha
_b: ciclo otoño-invierno 1992-93
260 _aMéxico, D.F. :
_bLa Dirección,
_c1992
300 _a157 p.
590 _aBATCH-UPD
_b10
_c20130110
_lUCH01
_h0943
590 _aCONVERSION
_b10
_c20130109
_lUCH01
_h1306
650 1 4 _aFechas de cosecha.
_939903
650 1 4 _aFechas de siembra.
_939904
901 _aBK
942 _cLIBRO
949 _a631.531 M4o 1992-93
_bBC
_cC
_d33724000605663
_eC
_fc.2
_h85714
_i9490
_mD
_si
949 _a631.531 M4o 1992-93
_bBC
_cC
_d33724000605796
_eC
_h85713
_i9490
_mD
_si
999 _c9281
_d9281